000 00257nam a2200097Ia 4500
008 220204s9999 xx 000 0 und d
082 _bKFR;1
245 0 _aChila thiranjedutha thadi samskarana sankethika vidyakal
260 _aPeechi
_bKFRI
_c1999
942 _cBK
999 _c44046
_d44046